| 000 | 00560nam a22002177a 4500 | ||
|---|---|---|---|
| 003 | OSt | ||
| 005 | 20260429120840.0 | ||
| 008 | 260429b |||||||| |||| 00| 0 eng d | ||
| 020 | _a978-81-264-7556-8 | ||
| 040 | _cSBCL | ||
| 082 |
_a894.8123 _bDHA-R |
||
| 100 | _aDharmajan, Akhil P. | ||
| 245 | _aRam c/o Anandhi | ||
| 250 | _a61st ed. | ||
| 260 |
_aKottayam _bDC Books _c2025 |
||
| 300 | _a320p. | ||
| 630 | _xLiterature & rhetoric | ||
| 650 | _aLiteratures of other languages | ||
| 650 | _aAltaic, Uralic, Hyperborean & Dravidian | ||
| 942 | _cBOOK | ||
| 999 |
_c138103 _d138103 |
||